|
|
|
|
| LEADER |
00000nam a2200000 a 4500 |
| 001 |
vtls010564126 |
| 003 |
SK-MaSNL |
| 005 |
20260301101944.0 |
| 008 |
240318s2013 xxkoa f 001 0 eng |
| 015 |
|
|
|a SNBZSA2014-002084
|
| 020 |
|
|
|a 9781780960203
|q (brož.)
|
| 035 |
|
|
|a EDF29E2E-507B-4699-A8A7-0474CA019FA3
|
| 035 |
|
|
|a urn:nbn:sk:snk-amkbxg
|
| 035 |
|
|
|a urn:nbn:sk:snk-am003djs
|
| 040 |
|
|
|a SNK
|b slo
|c SNK
|e AACR2
|
| 041 |
0 |
|
|a eng
|
| 044 |
|
|
|a xxk
|c GB
|
| 072 |
|
7 |
|a 623
|x Vojenská technika
|2 konspekt
|
| 072 |
|
7 |
|a 355/359
|x Vojenstvo. Obrana krajiny. Ozbrojené sily
|2 konspekt
|
| 080 |
|
|
|a 623.438.3
|2 2001
|
| 080 |
|
|
|a 358.119
|2 2001
|
| 080 |
|
|
|a 355.48:358.119
|2 2001
|
| 080 |
|
|
|a 355.4(091)
|2 2001
|
| 080 |
|
|
|a (4-11)
|2 2001
|
| 080 |
|
|
|a (437.6)
|2 2001
|
| 080 |
|
|
|a (439)
|2 2001
|
| 080 |
|
|
|a (498)
|2 2001
|
| 080 |
|
|
|a (497.2)
|2 2001
|
| 080 |
|
|
|a (480)
|2 2001
|
| 080 |
|
|
|a (450)
|2 2001
|
| 080 |
|
|
|a (497.5)
|2 2001
|
| 080 |
|
|
|a (470+571)
|2 2001
|
| 080 |
|
|
|a (048.8)
|2 2001
|
| 080 |
|
|
|a (084.11)
|2 2001
|
| 080 |
|
|
|a 355.48(100)"1939/1945"
|2 2001
|
| 100 |
1 |
|
|a Zaloga, Steve,
|d 1952-
|4 aut
|9 177503
|
| 245 |
1 |
0 |
|a Tanks of Hitler's Eastern Allies 1941-45
|c Steven J. Zaloga ; illustrated by Henry Morshead
|
| 250 |
|
|
|a 1st publ.
|
| 260 |
|
|
|a Oxford
|b Osprey Publishing
|c 2013
|
| 300 |
|
|
|a 48 s.
|b fotogr., ilustr., tab.
|c 25 cm
|
| 490 |
1 |
|
|a New Vanguard ;
|v 199
|
| 504 |
|
|
|a Bibliogr.: s. 47 ; reg.
|
| 648 |
|
7 |
|a 1941-1945
|2 SNKPH
|9 343097
|
| 648 |
|
7 |
|a 20. stor.
|2 SNKPH
|9 275975
|
| 648 |
|
7 |
|a 20th century
|2 SNKPHeng
|9 277995
|
| 650 |
0 |
7 |
|a tanky
|2 SNKPH
|9 27577
|
| 650 |
0 |
7 |
|a Tanks
|2 SNKPHeng
|9 310068
|
| 650 |
0 |
7 |
|a Armored units
|2 SNKPHeng
|9 133710
|
| 650 |
0 |
7 |
|a tankové jednotky
|2 SNKPH
|9 83345
|
| 650 |
0 |
7 |
|a Armor battles
|2 SNKPHeng
|9 133711
|
| 650 |
0 |
7 |
|a tankové bitky
|2 SNKPH
|9 78627
|
| 650 |
0 |
7 |
|a vojenské dejiny
|z Európa východná
|y 20. stor.
|2 SNKPH
|9 437017
|
| 650 |
0 |
7 |
|a Military history
|z Europe, Eastern
|y 20th century
|2 SNKPHeng
|9 437018
|
| 650 |
0 |
7 |
|a druhá svetová vojna (1939-1945)
|2 SNKPH
|9 169657
|
| 650 |
0 |
7 |
|a World War (1939-1945)
|2 SNKPHeng
|9 284172
|
| 655 |
|
7 |
|a monografie
|2 SNKPH
|9 70139
|
| 655 |
|
7 |
|a obrazové publikácie
|2 SNKPH
|9 70343
|
| 655 |
|
7 |
|a Monographs
|2 SNKPHeng
|9 120675
|
| 655 |
|
7 |
|a Pictorial works
|2 SNKPHeng
|9 284468
|
| 700 |
1 |
|
|a Morshead, Henry
|4 ill
|9 437019
|
| 919 |
|
|
|a 978-1-78096-020-3
|
| 958 |
|
|
|a ZS
|
| 958 |
|
|
|a SK
|
| 958 |
|
|
|a DE
|
| 958 |
|
|
|a HU
|
| 958 |
|
|
|a RO
|
| 958 |
|
|
|a NB
|
| 999 |
|
|
|c 690752
|d 692682
|
| 952 |
|
|
|a SNK
|b SNK
|y PREZ
|7 0
|p 17A1101049
|o snkSC 157326
|i snk2013/30219
|8 3
|g 14.20
|0 0
|1 0
|4 0
|d 2013-12-10
|f 1
|l 0
|r 2025-08-19 00:00:00
|w 2026-02-23
|